Widok standardowy
Widok MARC
Pozycja Personal Name
Liczba rekordów, w których użyto hasła: 1
001 - Numer kontrolny
- control field: 39268
003 - Identyfikator numeru kontrolnego
- control field: NUKAT
005 - Data i czas ostatniej modyfikacji
- control field: 20260330224623.0
008 - Dane kontrolne kodowane (40 znaków)
- fixed length control field: 050119n||azznnbabn |a aaa |
010 ## - Numer kontrolny Biblioteki Kongresu
- numer kontrolny LC: p 2004422801
024 7# - OTHER STANDARD IDENTIFIER
- Standard number or code: 296498265
- Source of number or code: viaf
035 ## - Numer systemowy
- numer systemowy: a1212459x
035 ## - Numer systemowy
- numer systemowy: (PL)a0000001212459
040 ## - Instytucja sporządzająca rekord
- inst. przygot. dane do rek. khw: WA N
- język haseł przedmiotowych/tezaurus: DBN
- inst. wprow. rek. khw: WA N
043 ## - Kod obszaru geograficznego
- ISO code: PL
046 ## - Special dates
- Birth date: 18940624
- Death date: 19681125
100 1# - Hasło - nazwa osobowa
- nazwa osobowa w formie ujednoliconej: Borth, Władysław
- daty biograficzne: (1894-1968)
368 ## - Other Attributes
- Title of person: Oficerowie
368 ## - Other Attributes
- Other designation: Powstańcy śląscy
370 ## - Associated place
- Country: Polska
372 ## - Field of activity
- Field: Prawo
374 ## - Occupation
- Occupation: Adwokaci
374 ## - Occupation
- Occupation: Działacze społeczni
374 ## - Occupation
- Occupation: Sędziowie
375 ## - Gender
- Gender: 1
- Source of term: iso5218
377 ## - Assoc lang
- Lang code: pol
400 1# - Trop zob. - nazwa osobowa
- nazwa osobowa (nazwisko, imiona): Borth, Władysław
- daty biograficzne: (1882-1968)
670 ## - Źródło informacji
- źródło informacji: Władysław Borth 1882-1968 - prawnik, działacz plebiscytowy / Jan Helik. - Katowice, 1982
670 ## - Źródło informacji
- źródło informacji: Wikipedia
670 ## - Źródło informacji
- źródło informacji: Grobonet, dostęp 23.02.2026
- adres internetowy: https://kozyparafialny.grobonet.com/grobonet/start.php?id=detale&idg=805&inni=0&cinki=2